<?xml version="1.0" encoding="UTF-8"?><?xml-stylesheet type="text/xsl" href="static/style.xsl"?><OAI-PMH xmlns="http://www.openarchives.org/OAI/2.0/" xmlns:xsi="http://www.w3.org/2001/XMLSchema-instance" xsi:schemaLocation="http://www.openarchives.org/OAI/2.0/ http://www.openarchives.org/OAI/2.0/OAI-PMH.xsd"><responseDate>2026-04-29T12:24:19Z</responseDate><request verb="GetRecord" identifier="oai:repisalud.isciii.es:20.500.12105/10388" metadataPrefix="marc">https://repisalud.isciii.es/rest/oai/request</request><GetRecord><record><header><identifier>oai:repisalud.isciii.es:20.500.12105/10388</identifier><datestamp>2025-04-01T06:52:13Z</datestamp><setSpec>com_20.500.12105_19604</setSpec><setSpec>com_20.500.12105_2051</setSpec><setSpec>col_20.500.12105_19605</setSpec></header><metadata><record xmlns="http://www.loc.gov/MARC21/slim" xmlns:dcterms="http://purl.org/dc/terms/" xmlns:doc="http://www.lyncode.com/xoai" xmlns:xsi="http://www.w3.org/2001/XMLSchema-instance" xsi:schemaLocation="http://www.loc.gov/MARC21/slim http://www.loc.gov/standards/marcxml/schema/MARC21slim.xsd">
   <leader>00925njm 22002777a 4500</leader>
   <datafield ind2=" " ind1=" " tag="042">
      <subfield code="a">dc</subfield>
   </datafield>
   <datafield ind2=" " ind1=" " tag="720">
      <subfield code="a">Oller, Jorge</subfield>
      <subfield code="e">author</subfield>
   </datafield>
   <datafield ind2=" " ind1=" " tag="720">
      <subfield code="a">Mendez-Barbero, Nerea</subfield>
      <subfield code="e">author</subfield>
   </datafield>
   <datafield ind2=" " ind1=" " tag="720">
      <subfield code="a">Alberca, Rut</subfield>
      <subfield code="e">author</subfield>
   </datafield>
   <datafield ind2=" " ind1=" " tag="720">
      <subfield code="a">Lozano-Vidal, Noelia</subfield>
      <subfield code="e">author</subfield>
   </datafield>
   <datafield ind2=" " ind1=" " tag="720">
      <subfield code="a">Iturri, Lizet Sandra</subfield>
      <subfield code="e">author</subfield>
   </datafield>
   <datafield ind2=" " ind1=" " tag="720">
      <subfield code="a">Jimenez-Borreguero, Luis J.</subfield>
      <subfield code="e">author</subfield>
   </datafield>
   <datafield ind2=" " ind1=" " tag="720">
      <subfield code="a">Arroyo, Alicia G</subfield>
      <subfield code="e">author</subfield>
   </datafield>
   <datafield ind2=" " ind1=" " tag="720">
      <subfield code="a">Campanero, Miguel R</subfield>
      <subfield code="e">author</subfield>
   </datafield>
   <datafield ind2=" " ind1=" " tag="720">
      <subfield code="a">Redondo, Juan Miguel</subfield>
      <subfield code="e">author</subfield>
   </datafield>
   <datafield ind2=" " ind1=" " tag="260">
      <subfield code="c">2015-06</subfield>
   </datafield>
   <datafield ind2=" " ind1=" " tag="520">
      <subfield code="a">Aneurysms involving the aortic root and the ascending aorta leading to dissections are the major diseases affecting the aorta and a common cause of premature deaths ranking as high as the XXth cause of death in developed countries. The major constituent of the vessel wall is the extracellular matrix (ECM). It forms part of the basic structure of blood vessels and provides structural and mechanical support through elasticity, stiffness, and intercellular communication. Changes in ECM proteins expression, assembly, cross-linking, and degradation can trigger physiological pathological conditions in the vascular wall, including atherosclerosis, aneurysms, stenosis and hypertension (Hellenthal et al. 2009). Mutations in genes which encode ECM proteins which affects mechanical properties of tissues are present in some inherited connective tissue disorders such as Marfan syndrome (MS), Loeys-Dietz syndrome (LDS), vascular type of Ehlers-Danlos syndrome (EDS-IV), and familial forms of non-syndromic thoracic aneurysm and dissection (FTAAD) (Hoffjan 2012, Van Laer et al. 2014). TGFβ signaling pathway is overactivated in both syndromic and non-syndromic aortic diseases, TGFβ signaling pathway suggesting that it plays a pivotal role in these diseases. The ADAMTS family of of extracellular metalloproteinases degrade proteoglycans and therefore have the potential to modify tissue architecture and function (Stanton 2011). Recently, different works have involved the families, ADAMTS and ADAMTSL (Adamts-like) in fibril microfiber formation thus suggesting a role of these genes in the regulation of TGFβ signalling (Hoffjan et al 2012). Different mutations in ADAMTS/ADAMTSL superfamily members has been described as causative of connective tissue disorders without aortic phenotype (Le Goff et al. 2011). Adamts1 is widely expressed in aortic endothelial and VSMCs during development and in adulthood (Thai et al. 2002; Luque et. al. 2003) and under pathological vascular remodeling in (Jönsson-Rylanderand et al. 2005) and thoracic aneurysm (Pen et. al. 2013). However the role of this metalloproteinase in the vascular wall is poorly understood. Here, we show the potential role of Adamts1 in vascular wall homeostasis using two different approaches, a genetic model of Adamts1 deficient mice and a knocking-down model in aorta using short-interference RNA (siRNA) expressing lentiviruses. Both models, Adamts1 deficient mice and knocking-down present some vascular features that resembles aortic disorders, such as aortic ectasia, fibrosis, proteoglycan accumulation, elastin breaks, TGFb hyperactivation. These phenotype was exacerbated by AngII infusion. These data supports that Adamts1 is essential for vascular integrity in homeostasis and remodeling</subfield>
   </datafield>
   <datafield ind1="8" ind2=" " tag="024">
      <subfield code="a">IMPRS Max Planck - Annual Retreat. 2015</subfield>
   </datafield>
   <datafield ind1="8" ind2=" " tag="024">
      <subfield code="a">http://hdl.handle.net/20.500.12105/10388</subfield>
   </datafield>
   <datafield ind2="0" ind1="0" tag="245">
      <subfield code="a">Adamts1 in vascular homeostasis and remodelling</subfield>
   </datafield>
</record></metadata></record></GetRecord></OAI-PMH>